000 00568nam a2200193Ia 4500
005 20250326145151.0
008 250326s9999 xx 000 0 und d
037 _aTextbook
040 _aFMSL
_beng
_cFMSL
041 _aeng
_2eng
084 _aX:5 Q1
_qFMSL
100 _aPaltasingh K R
_9750759
245 0 _aTrade liberalization and industrial productivity in India
_cPaltasingh K R; Senapati A K
260 _aNew Delhi
_bNew Delhi, New Century
_c2011
365 _b560
650 _aManagement
942 _cTB
_hX:5 Q1
999 _c1306615
_d1306615